| 000 | 01154nam a2200289 a 4500 | ||
|---|---|---|---|
| 001 | BRCA_8411 | ||
| 005 | 20190320210252.0 | ||
| 008 | 151015s1993----mx-a######---#000-0#spa-# | ||
| 020 | _a968244733X | ||
| 041 | _aspa | ||
| 044 | _amx | ||
| 084 |
_aPQ6323 _b.C47 1993 |
||
| 100 | 1 |
_aCervantes Saavedra, Miguel de _d1547-1616 _9213 |
|
| 245 | 1 | 0 |
_aEl Ingenioso Hidalgo Don Quijote de la Mancha _cMiguel de Cervantes. |
| 260 |
_aMéxico _bTrillas _c1993 |
||
| 300 |
_a1116 p. _bil. _c23 cm. |
||
| 440 | 0 |
_aLinterna mágica _921061 |
|
| 500 | _aIncluye índices | ||
| 500 | _aEsta edición reproduce el texto de las ediciones principe de 1605 y 1615 respectivamente, y las notas al texto cervantino que para la edición de la Editorial Séneca (México, 1941) redactó Agustín Millares Carlo | ||
| 500 | _aLibro donado por el Lic. Fernando Trillas Salazar, 24/XI/1994 | ||
| 650 | 1 | 4 |
_aNovela española _yÉpoca clásica, 1500-1700 _9215 |
| 650 | 1 | 4 |
_aLiteratura española _yÉpoca clásica, 1500-1700 _9216 |
| 650 | 1 | 4 |
_aNovela española _ySiglo XVII _9217 |
| 650 | 1 | 4 |
_aDon Quijote (Personaje ficticio) _eNovela _9218 |
| 902 | _aQAG | ||
| 942 |
_2lcc _cB |
||
| 999 |
_c8079 _d8079 |
||